ARRUPE JESUIT UNIVERSITY

CORONAVIRUS -STOP THE SPREAD - CLEAN,DISINFECT,COVER

The Essential Frankfurt school reader / (Record no. 126264)

MARC details
000 -LEADER
fixed length control field 01057cam a2200313 a 4500
001 - CONTROL NUMBER
control field 4223343
003 - CONTROL NUMBER IDENTIFIER
control field ARRUPE
005 - DATE AND TIME OF LATEST TRANSACTION
control field 20170309142604.0
008 - FIXED-LENGTH DATA ELEMENTS--GENERAL INFORMATION
fixed length control field 820512r19821978nyu b 001 0 eng
010 ## - LIBRARY OF CONGRESS CONTROL NUMBER
LC control number 82008063
020 ## - INTERNATIONAL STANDARD BOOK NUMBER
International Standard Book Number 0826401945 (pbk.) :
Terms of availability $12.95
040 ## - CATALOGING SOURCE
Original cataloging agency DLC
Transcribing agency DLC
Modifying agency DLC
-- OCoLC
050 00 - LIBRARY OF CONGRESS CALL NUMBER
Classification number HM101
Item number .E745 1982
082 00 - DEWEY DECIMAL CLASSIFICATION NUMBER
Classification number 300
Edition number 19
300 ## - PHYSICAL DESCRIPTION
Dimensions 23 cm.
245 04 - TITLE STATEMENT
Title The Essential Frankfurt school reader /
Statement of responsibility, etc edited by Andrew Arato & Eike Gebhardt ; introduction by Paul Piccone.
260 ## - PUBLICATION, DISTRIBUTION, ETC. (IMPRINT)
Place of publication, distribution, etc New York :
Name of publisher, distributor, etc Continuum,
Date of publication, distribution, etc 1982.
300 ## - PHYSICAL DESCRIPTION
Extent xxi, 559 p. ;
500 ## - GENERAL NOTE
General note Originally published. New York : Urizen Books, c1978.
500 ## - GENERAL NOTE
General note Includes index.
504 ## - BIBLIOGRAPHY, ETC. NOTE
Bibliography, etc Bibliography: p. 530-541.
650 #0 - SUBJECT ADDED ENTRY--TOPICAL TERM
Topical term or geographic name as entry element Mass society.
General subdivision Addresses, essays, lectures
9 (RLIN) 29276
650 #0 - SUBJECT ADDED ENTRY--TOPICAL TERM
Topical term or geographic name as entry element Political science.
General subdivision Addresses, essays, lectures
9 (RLIN) 18979
650 #0 - SUBJECT ADDED ENTRY--TOPICAL TERM
Topical term or geographic name as entry element Economics.
Form subdivision Addresses, essays, lectures
9 (RLIN) 29277
650 #0 - SUBJECT ADDED ENTRY--TOPICAL TERM
Topical term or geographic name as entry element Social sciences
General subdivision Methodology.
-- Addresses, essays, lectures
9 (RLIN) 29278
700 1# - ADDED ENTRY--PERSONAL NAME
Personal name Arato, Andrew.
9 (RLIN) 29279
700 1# - ADDED ENTRY--PERSONAL NAME
Personal name Gebhardt, Eike.
9 (RLIN) 29280
740 0# - ADDED ENTRY--UNCONTROLLED RELATED/ANALYTICAL TITLE
Uncontrolled related/analytical title Frankfurt school reader.
906 ## - LOCAL DATA ELEMENT F, LDF (RLIN)
a 7
b cbc
c orignew
d 1
e ocip
f 19
g y-gencatlg
942 ## - ADDED ENTRY ELEMENTS (KOHA)
Source of classification or shelving scheme Library of Congress Classification
Koha item type Monograph ( Printed materials)
Holdings
Withdrawn status Lost status Source of classification or shelving scheme Damaged status Not for loan Collection code Home library Current library Shelving location Date acquired Total Checkouts Full call number Barcode Date last seen Price effective from Koha item type
    Library of Congress Classification     Main Collection ARRUPE LIBRARY ARRUPE LIBRARY Main Collection 09/03/2017   HM101 .E745 1982 46500025614 30/04/2018 09/03/2017 Monograph ( Printed materials)

 

Arrupe Library. PO Box MP320 Mt Pleasant, Harare, Zimbabwe
263 242 745411|librarian@aju.ac.zw